Documento firmado el 11 de marzo de 1819 (Record no. 4605)
[ view plain ]
| 000 -CABECERA | |
|---|---|
| campo de control de longitud fija | 01848nam a2200337 a 4500 |
| 001 - NÚMERO DE CONTROL | |
| campo de control | BRCA_4911 |
| 005 - FECHA Y HORA DE LA ÚLTIMA TRANSACCIÓN | |
| campo de control | 20190320204845.0 |
| 008 - DATOS DE LONGITUD FIJA--INFORMACIÓN GENERAL | |
| campo de control de longitud fija | 201010s1819----mx-####f#v---#000-0#spa-# |
| 041 ## - CÓDIGO DE LENGUA | |
| Código de lengua del texto/banda sonora o título independiente | spa |
| 044 ## - CÓDIGO DEL PAÍS DE LA ENTIDAD EDITORA/PRODUCTORA | |
| Código MARC del país | mx |
| 084 ## - OTRO NÚMERO DE CLASIFICACIÓN | |
| Número de clasificación | DOC11 |
| Número de documento/Ítem | .B87 |
| -- | 1819 |
| 100 1# - ENTRADA PRINCIPAL--NOMBRE DE PERSONA | |
| Nombre de persona | Bustamante, Carlos María de |
| Fechas asociadas al nombre | 1774-1848 |
| 9 (RLIN) | 555 |
| 245 10 - MENCIÓN DE TÍTULO | |
| Título | Documento firmado el 11 de marzo de 1819 |
| Mención de responsabilidad, etc. | Carlos María de Bustamante ... [et al.]. |
| 260 ## - PUBLICACIÓN, DISTRIBUCIÓN, ETC. | |
| Lugar de publicación, distribución, etc. | México |
| Fecha de publicación, distribución, etc. | 1819 |
| 300 ## - DESCRIPCIÓN FÍSICA | |
| Extensión | [6] fojas |
| Dimensiones | 31 x 21 cm |
| 500 ## - NOTA GENERAL | |
| Nota general | Documento firmado el 11 de marzo de 1819 |
| 500 ## - NOTA GENERAL | |
| Nota general | Documento firmado por los Señores Yañez, Mansilla, Medina, Osés, Torres y Francisco Calderón. Contiene el pedimento fiscal del crimen en la causa de Don Carlos María de Bustamante para que se traslade a los presidios de África en virtud de que el indultado Bustamante, a intentado fugarse de Veracruz en un barco extranjero rumbo a los Estados Unidos, y que a pesar de no habersele reducido la prisión como se había hecho con los Gómez, los Teranes, los Coses, los Quintana y otros prisioneros, había dado muestra evidentes de seguir abrazando la causa de independencia |
| 500 ## - NOTA GENERAL | |
| Nota general | El documento tiene la leyenda DOC. #20 |
| 500 ## - NOTA GENERAL | |
| Nota general | Estado de conservación: Contiene la última foja esta desprendida y tiene anotaciones con tinta roja |
| 506 0# - NOTA DE RESTRICCIONES AL ACCESO | |
| Limitaciones de acceso | Fondo reservado: para su consulta es necesario credencial de usuario y carta de motivos |
| 546 ## - NOTA DE LENGUA/LENGUAJE | |
| Nota de lengua/lenguaje | Texto en: español a principios del siglo XIX |
| 600 14 - PUNTO DE ACCESO ADICIONAL DE MATERIA--NOMBRE DE PERSONA | |
| Nombre de persona | Bustamantes, Carlos María de |
| Títulos y otros términos asociados al nombre | Cronista |
| Fechas asociadas al nombre | 1774-1848 |
| 9 (RLIN) | 12431 |
| 651 #4 - PUNTO DE ACCESO ADICIONAL DE MATERIA--NOMBRE GEOGRÁFICO | |
| Nombre geográfico | México |
| Subdivisión de forma | Manuscrito |
| Subdivisión general | Historia |
| Subdivisión cronológica | Guerra de Independencia, 1810-1821 |
| 9 (RLIN) | 12432 |
| 700 1# - PUNTO DE ACCESO ADICIONAL--NOMBRE DE PERSONA | |
| Nombre de persona | Yañez |
| Títulos y otros términos asociados al nombre | Señor |
| 9 (RLIN) | 12433 |
| 700 1# - PUNTO DE ACCESO ADICIONAL--NOMBRE DE PERSONA | |
| Nombre de persona | Mansilla |
| Títulos y otros términos asociados al nombre | Señor |
| 9 (RLIN) | 12434 |
| 700 1# - PUNTO DE ACCESO ADICIONAL--NOMBRE DE PERSONA | |
| Nombre de persona | Medina |
| Títulos y otros términos asociados al nombre | Señor |
| 9 (RLIN) | 12435 |
| 700 1# - PUNTO DE ACCESO ADICIONAL--NOMBRE DE PERSONA | |
| Nombre de persona | Osés |
| Títulos y otros términos asociados al nombre | Señor |
| 9 (RLIN) | 12436 |
| 700 1# - PUNTO DE ACCESO ADICIONAL--NOMBRE DE PERSONA | |
| Nombre de persona | Torres |
| Títulos y otros términos asociados al nombre | Señor |
| 9 (RLIN) | 12437 |
| 902 ## - CATALOGADOR | |
| Iniciales | FDH |
| 942 ## - ELEMENTOS DE PUNTO DE ACCESO ADICIONAL (KOHA) | |
| Fuente del sistema de clasificación o colocación | Library of Congress Classification |
| Tipo de ítem Koha | Documentos |
| Estado de retiro | Estado de pérdida | Estado dañado | No para préstamo | Localización permanente | Ubicación/localización actual | Fecha de adquisición | Total de préstamos | Signatura topográfica completa | Código de barras | Fecha visto por última vez | Precio válido a partir de | Tipo de ítem Koha |
|---|---|---|---|---|---|---|---|---|---|---|---|---|
| El ejemplar forma parte de la colección y puede ser consultado según las políticas vigentes. | Biblioteca del Museo Franz Mayer (Rogerio Casas-Alatriste) | Biblioteca del Museo Franz Mayer (Rogerio Casas-Alatriste) | 20/10/2010 | DOC11 .B87 1819 | 4972 | 22/03/2019 | 22/03/2019 | Documentos |